00408 2200169 4500001002100000008004100021035002000062082000800082084001400090100001700104245004300121250000600164260003000170650001400200990001200214990001200226INLIS000000000001564 ind  a0010-0125000062 a423 a423 JOH k aEchols, John aKamus Inggris-IndonesiacJohn M.Echols a1 aJakarta :bGramediac2008 aReferensi a0714439 a0715093